Нормален изглед
MARC изглед
- оперни арии
Вход 08. Ключови думи
Брой записи, използвани в: 233
001 - Контролен номер на записа
- Контролно поле: 192849
003 - Код на организацията, даваща контролен номер
- Контролно поле: BLK
005 - Дата и час на последна промяна на записа
- Контролно поле: 20180412190541.0
008 - Данни с фиксирана дължина – обща информация
- Данни с фиксирана дължина : 180403|e acznnaaan | aaa d
153 ## - Ключови думи
- Ключова дума: оперни арии
942 ## - Системна служебна употреба
- Koha auth type: KEW